Top 10 joueurs sur Fifa (16-20) - Statistiques

Statistiques générales
  • Ce quiz a été pris 7 044 fois
    6 867 depuis la dernière actualisation
  • Le résultat moyen est 34 sur 50
Statistiques - réponses
Note Joueur % Correct
94 Messi
100%
93 Messi
100%
93 Messi
100%
94 Messi
100%
94 Messi
100%
93 Ronaldo
100%
94 Ronaldo
100%
94 Ronaldo
100%
94 Ronaldo
100%
93 Ronaldo
100%
88 Neymar
93%
92 Neymar
93%
92 Neymar
93%
92 Neymar
93%
92 Neymar
93%
90 Suarez
76%
92 Suarez
76%
92 Suarez
76%
91 Suarez
76%
91 Modric
74%
90 Modric
74%
90 Neuer
73%
92 Neuer
73%
92 Neuer
73%
90 Lewandowski
72%
91 Lewandowski
72%
91 De Bruyne
69%
91 De Bruyne
69%
90 Ramos
67%
91 Ramos
67%
90 Kroos
63%
90 Kroos
63%
90 Bale
61%
90 Salah
59%
89 Hazard
53%
90 Hazard
53%
91 Hazard
53%
91 Hazard
53%
90 Van Dijk
51%
89 Ibrahimovic
48%
90 Ibrahimovic
48%
90 Ter Stegen
41%
91 Oblak
39%
90 Robben
35%
88 Silva
30%
88 Silva
30%
90 De Gea
21%
91 De Gea
21%
90 Boateng
19%
90 Higuain
13%
Aucun quiz correspondant
Distribution des résultats
% des personnes avec chaque résultat
Percentile par nombre de réponses
Votre historique - résultats
Vous n’avez pas pris ce quiz depuis la dernière actualisation